| 000 | 00923nam1a22002291i 4500 | ||
|---|---|---|---|
| 001 | rc\3036371 | ||
| 005 | 20240726043855.0 | ||
| 035 | _a(NLR Aleph) 007176976 | ||
| 090 |
_a7403019 _c7403019 |
||
| 100 | _a20111006d1941 |||y0rusy50 ca | ||
| 101 | 0 | _arus | |
| 102 | _aRU | ||
| 105 | _ay z ||||| | ||
| 200 | 1 |
_a[Типовой] проект сельскохозяйственного строительства [на 1941 год] _h[Серия 23] _i[Жилищно-коммунальные постройки] _fСельхозстройпроект |
|
| 210 |
_aМосква _cСельхозстройпроект НКЗ СССР _d1941 |
||
| 215 | _d30 см | ||
| 300 | _aЛитогр. изд. | ||
| 517 | 0 | 0 | _aПроект сельскохозяйственного строительства [на 1941 год] |
| 801 | 0 |
_aRU _bNLR _gpsbo |
|
| 801 | 1 |
_aRU _bELAR _2rusmarc |
|
| 852 |
_aNLR _jТ80 Г-8/8(2306) |
||
| 942 | _cBOOK | ||